|
|
|
|
| LEADER |
01354nam a2200313 a 4500 |
| 001 |
28716 |
| 003 |
BD-DhAAL |
| 005 |
20141221103512.0 |
| 008 |
141221s2002 nyuc b 001 0 eng |
| 010 |
|
|
|a 2001045248
|
| 020 |
|
|
|a 0393974960
|
| 040 |
|
|
|a DLC
|c DLC
|d DLC
|d BD-DhAAL
|
| 050 |
0 |
0 |
|a PS3204
|b 2002
|
| 082 |
0 |
0 |
|a 811/.3
|2 21
|
| 100 |
1 |
|
|a Whitman, Walt,
|d 1819-1892.
|9 6884
|
| 240 |
1 |
0 |
|a Works.
|k Selections.
|f 2002
|
| 245 |
1 |
0 |
|a Leaves of grass and other writings :
|b authoritative texts, other poetry and prose, criticism /
|c Walt Whitman ; edited by Michael Moon.
|
| 250 |
|
|
|a Expanded and rev. ed. based on the Norton critical edition of Leaves of grass edited by Sculley Bradley and Harold W. Blodgett.
|
| 260 |
|
|
|a New York :
|b Norton,
|c c2002.
|
| 300 |
|
|
|a lii, 919 p. :
|b ports. ;
|c 24 cm.
|
| 490 |
|
2 |
|a A Norton critical edition
|
| 504 |
|
|
|a Includes bibliographical references (905-906) and index.
|
| 541 |
|
|
|e 28716
|
| 700 |
1 |
|
|a Moon, Michael.
|9 6885
|
| 700 |
1 |
|
|a Bradley, Sculley,
|d 1897-
|9 6886
|
| 700 |
1 |
|
|a Blodgett, Harold William,
|d 1900-
|9 6887
|
| 942 |
|
|
|2 ddc
|c BK
|
| 999 |
|
|
|c 33319
|d 33319
|
| 952 |
|
|
|0 0
|1 0
|2 ddc
|4 0
|6 811_300000000000000_WHI
|7 0
|9 44502
|a BRACUL
|b BRACUL
|c GEN
|d 2014-12-21
|e BRAC Institute of Language (BIL)
|l 4
|m 38
|o 811.3 WHI
|p 3010028716
|r 2025-02-17
|s 2025-02-10
|t 1
|w 2014-12-21
|y BK
|x Transferred from BIL to BRACUL on 06/06/22
|